Elenco comuni italiani -Lettere U, Z - Statistics

Statistiche generali
  • Questo quiz è stato fatto 20 volte
  • Il punteggio medio è 17 su 85
Statistiche sulle risposte
Comune Provincia Regione Abitanti % Corretto
Udine (capoluogo di provincia) Friuli-Venezia Giulia 98156
100%
Urbino Pesaro e Urbino Marche 14007
75%
Zocca Modena Emilia-Romagna 4567
75%
Umbertide Perugia Umbria 16367
69%
Ustica Palermo Sicilia 1271
69%
Ugento Lecce Puglia 12006
56%
Zagarolo Roma Lazio 18010
50%
Usmate Velate Monza e della Brianza Lombardia 10425
44%
Zoagli Genova Liguria 2325
44%
Zanica Bergamo Lombardia 8602
38%
Zelo Buon Persico Lodi Lombardia 7415
38%
Zola Predosa Bologna Emilia-Romagna 19113
38%
Uboldo Varese Lombardia 10607
31%
Urbe Savona Liguria 670
31%
Uri Sassari Sardegna 2864
31%
Uzzano Pistoia Toscana 5612
31%
Zafferana Etnea Catania Sicilia 9282
31%
Zapponeta Foggia Puglia 3320
31%
Zevio Verona Veneto 15542
31%
Ziano di Fiemme Trento Trentino-Alto Adige 1755
31%
Zogno Bergamo Lombardia 8668
31%
Zone Brescia Lombardia 1022
31%
Urago d'Oglio Brescia Lombardia 3707
25%
Urbania Pesaro e Urbino Marche 6886
25%
Urgnano Bergamo Lombardia 9854
25%
Zandobbio Bergamo Lombardia 2663
25%
Zibido San Giacomo Milano Lombardia 6867
25%
Ultimo Bolzano Trentino-Alto Adige 2886
19%
Umbriatico Crotone Calabria 761
19%
Uscio Genova Liguria 2135
19%
Zagarise Catanzaro Calabria 1478
19%
Zanè Vicenza Veneto 6616
19%
Zeri Massa-Carrara Toscana 992
19%
Ziano Piacentino Piacenza Emilia-Romagna 2451
19%
Ucria Messina Sicilia 940
13%
Uggiano la Chiesa Lecce Puglia 4354
13%
Ula Tirso Oristano Sardegna 447
13%
Urbana Padova Veneto 2049
13%
Urbisaglia Macerata Marche 2448
13%
Usseglio Torino Piemonte 200
13%
Ussita Macerata Marche 381
13%
Zavattarello Pavia Lombardia 965
13%
Zenson di Piave Treviso Veneto 1729
13%
Zerba Piacenza Emilia-Romagna 70
13%
Zerbo Pavia Lombardia 394
13%
Zerbolò Pavia Lombardia 1684
13%
Zermeghedo Vicenza Veneto 1363
13%
Zero Branco Treviso Veneto 11457
13%
Zimella Verona Veneto 4869
13%
Zimone Biella Piemonte 392
13%
Zoppè di Cadore Belluno Veneto 191
13%
Zoppola Pordenone Friuli-Venezia Giulia 8374
13%
Zovencedo Vicenza Veneto 798
13%
Zugliano Vicenza Veneto 6794
13%
Zungoli Avellino Campania 1003
13%
Zungri Vibo Valentia Calabria 1854
13%
Ubiale Clanezzo Bergamo Lombardia 1348
6%
Uggiate con Ronago Como Lombardia 6796
6%
Ulassai Ogliastra Sardegna 1393
6%
Uras Oristano Sardegna 2724
6%
Ururi Campobasso Molise 2514
6%
Urzulei Ogliastra Sardegna 1154
6%
Usellus Oristano Sardegna 724
6%
Usini Sassari Sardegna 4254
6%
Ussana Cagliari Sardegna 4017
6%
Ussaramanna Medio Campidano Sardegna 506
6%
Ussassai Ogliastra Sardegna 492
6%
Usseaux Torino Piemonte 180
6%
Uta Cagliari Sardegna 8585
6%
Zaccanopoli Vibo Valentia Calabria 698
6%
Zambrone Vibo Valentia Calabria 1736
6%
Zeccone Pavia Lombardia 1674
6%
Zeddiani Oristano Sardegna 1142
6%
Zelbio Como Lombardia 186
6%
Zeme Pavia Lombardia 1003
6%
Zenevredo Pavia Lombardia 477
6%
Zerfaliu Oristano Sardegna 998
6%
Zignago Spezia Liguria 488
6%
Zinasco Pavia Lombardia 3084
6%
Zollino Lecce Puglia 1884
6%
Zubiena Biella Piemonte 1119
6%
Zuccarello Savona Liguria 291
6%
Zuglio Udine Friuli-Venezia Giulia 562
6%
Zumaglia Biella Piemonte 988
6%
Zumpano Cosenza Calabria 2621
6%
Nessun quiz corrispondente trovato
Distribuzione punteggi
Percentuale di utenti per punteggio
Percentile per numero di risposta
I tuoi punteggi nel tempo
Non hai fatto questo quiz